Hablando del SIDA: una guía para trabajar en la comunidad /

Este documento constituye una guía elaborada para brindar información sobre el Síndrome de Inmuno Deficiencia Adquirida (SIDA), a trabajadores de salud que trabajan en la promoción de la salud sexual y reproductiva y a quienes están vinculados a la orientación y la educación sobre estos temas (por e...

সম্পূর্ণ বিবরণ

সংরক্ষণ করুন:
গ্রন্থ-পঞ্জীর বিবরন
প্রধান লেখক: Gordon, Gill
সংস্থা লেখক: Federación Internacional de Planificación de la Familia
অন্যান্য লেখক: Klouda, Tony
বিন্যাস: পাঠ‍্য
প্রকাশিত: Bogota: Precensia
বিষয়গুলি:
ট্যাগগুলো: ট্যাগ যুক্ত করুন
কোনো ট্যাগ নেই, প্রথমজন হিসাবে ট্যাগ করুন!

MARC

LEADER 00000 a a2200000 04500
001 32763
003
040
020 |a 0-333-49781-3  
090 |a 204300  
100 |a Gordon, Gill  
110 |a Federación Internacional de Planificación de la Familia  
245 |a Hablando del SIDA: una guía para trabajar en la comunidad /  |c Gill Gordon 
260 |a Bogota:   |b Precensia  
300 |a 97 p.   |b il.  
520 |a Este documento constituye una guía elaborada para brindar información sobre el Síndrome de Inmuno Deficiencia Adquirida (SIDA), a trabajadores de salud que trabajan en la promoción de la salud sexual y reproductiva y a quienes están vinculados a la orientación y la educación sobre estos temas (por ejemplo, trabajadores comunitarios). La guía fue diseñada para que pueda ser adaptada a los usuarios  
650 |a SIDA  
650 |a PREVENCION DEL SIDA  
650 |a EDUCACION SEXUAL  
650 |a MANUALES  
650 |a VIH  
650 |a RIESGO  
650 |a PRUEBAS  
650 |a COMPORTAMIENTO SEXUAL  
700 |a Klouda, Tony  
999 |c 2542  |d 2542